Statistics for Taylor Swift 72

Click here to take the quiz!

General Stats

  • This quiz has been taken 15 times
  • The average score is 287 of 393

Answer Stats

Answer% Correct
I
100%
me
100%
you
100%
a
93%
what
93%
when
93%
and
87%
it
87%
my
87%
on
87%
the
87%
to
87%
want
87%
wear
87%
are
80%
at
80%
call
80%
can
80%
he
80%
his
80%
I'm
80%
it's
80%
with
80%
yeah
80%
for
73%
him
73%
is
73%
know
73%
like
73%
lover
73%
said
73%
say
73%
so
73%
they
73%
was
73%
all
67%
as
67%
baby's
67%
because
67%
brand
67%
but
67%
'cause
67%
did
67%
don't
67%
ever
67%
fly
67%
head
67%
he's
67%
just
67%
knows
67%
new
67%
not
67%
one
67%
really
67%
than
67%
up
67%
whole
67%
alright
60%
back
60%
better
60%
daydream
60%
down
60%
every
60%
eyes
60%
fire
60%
from
60%
high
60%
jet
60%
look
60%
make
60%
making
60%
more
60%
neck
60%
never
60%
night
60%
nothing
60%
owns
60%
right
60%
scene
60%
stream
60%
time
60%
walking
60%
warm
60%
which
60%
above
53%
after
53%
burn
53%
calling
53%
chain
53%
doing
53%
fade
53%
fit
53%
learn
53%
loves
53%
mistakes
53%
months
53%
nobody's
53%
'round
53%
same
53%
taking
53%
thing
53%
took
53%
would
53%
away
47%
boarded
47%
bridges
47%
brother
47%
built
47%
castle
47%
covers
47%
dressing
47%
flowers
47%
forts
47%
grew
47%
gunfight
47%
heard
47%
initials
47%
jokers
47%
keep
47%
kings
47%
knife
47%
laughing
47%
least
47%
liars
47%
November
47%
overnight
47%
run
47%
starry
47%
storm
47%
swings
47%
thorns
47%
trust
47%
under
47%
windows
47%
breath
40%
brought
40%
crown
40%
crumbled
40%
darkest
40%
drama
40%
holding
40%
late
40%
need
40%
queens
40%
recall
40%
save
40%
slowly
40%
sparking
33%
yes
27%

Score Distribution

Percentile by Number Answered

Percent of People with Each Score

Your Score History

You have not taken this quiz